000 00793nam a2200205 i 4500
001 187671
003 ES-MaACL
005 20250822061909.0
008 180112s1940 sp |||| |dspa d
080 _a821.134.2-95"18"
100 1 _aLarra, Mariano José de,
_d1809-1837
_970287
245 1 0 _aArtículos de crítica literaria y artística.
_nII /
_cLarra ; prólogo y notas de José R. Lomba y Pedraja.
260 _aMadrid :
_bEspasa-Calpe,
_c1940.
300 _aXXIX, [1], 272 p. ;
_c19 cm.
490 1 _aClásicos castellanos ;
_v52
700 1 _aLomba y Predraja, José R.
_9129039
830 0 0 _aClásicos castellanos (Espasa-Calpe)
_v52
_9183802
852 _aES-MaACL
_jL-32303
_z.- Donat. herederos de la bibl. de Mª del Pilar Costa Palacín
999 _c187671
_d187671